A Multimodal Approach to Challenging Gender Stereotypes in Children's Picture Books (Record no. 91330)

MARC details
000 -LEADER
fixed length control field 01035nam a2200193Ii 4500
008 - FIXED-LENGTH DATA ELEMENTS--GENERAL INFORMATION
fixed length control field 221202s xx 000 0 und d
245 #2 - TITLE STATEMENT
Title A Multimodal Approach to Challenging Gender Stereotypes in Children's Picture Books
264 ## - PRODUCTION, PUBLICATION, DISTRIBUTION, MANUFACTURE, AND COPYRIGHT NOTICE
Name of producer, publisher, distributor, manufacturer Taylor & Francis
Date of production, publication, distribution, manufacture, or copyright notice 2022
300 ## - PHYSICAL DESCRIPTION
Extent 1 online resource
336 ## - CONTENT TYPE
Content type term text
Content type code txt
Source rdacontent
337 ## - MEDIA TYPE
Media type term computer
Media type code c
Source rdamedia
338 ## - CARRIER TYPE
Carrier type term online resource
Carrier type code cr
Source rdacarrier
520 ## - SUMMARY, ETC.
Summary, etc. A Multimodal Approach to Challenging Gender Stereotypes in Children's Picture Books is a collection of research papers in the fields of multimodality and picture books. 1 The chapters broaden the previous analyses of this genre, carried out from content, psychological, literary and didactic points of view.
653 ## - INDEX TERM--UNCONTROLLED
Uncontrolled term Children'S Books
700 1# - ADDED ENTRY--PERSONAL NAME
Personal name Moya- Guijarro, A. Jesús
700 1# - ADDED ENTRY--PERSONAL NAME
Personal name Ventola, Eija
856 ## - ELECTRONIC LOCATION AND ACCESS
Uniform Resource Identifier <a href="https://docs.google.com/spreadsheets/d/1yKIrdCPDAG_9c22mwoOIO2DOhtj65Wqa/edit?usp=sharing&ouid=106555315294820607512&rtpof=true&sd=true ">https://docs.google.com/spreadsheets/d/1yKIrdCPDAG_9c22mwoOIO2DOhtj65Wqa/edit?usp=sharing&ouid=106555315294820607512&rtpof=true&sd=true </a>
Link text List of Curated E-Books
942 ## - ADDED ENTRY ELEMENTS (KOHA)
Koha item type E-Book

No items available.

University of Rizal System
Email us at univlibservices@urs.edu.ph

Visit our Website www.urs.edu.ph/library